Statistics for U.S. States Richer than Their Neighbors

Click here to take the quiz!

General Stats

  • This quiz has been taken 22,100 times
  • The average score is 7 of 10

Answer Stats

RankState% Correct
5California
97%
24Texas
91%
6Washington
82%
3Massachusetts
68%
17Illinois
66%
21Georgia
63%
8Colorado
61%
2Maryland
54%
1New Jersey
49%
13Minnesota
48%

Score Distribution

Percentile by Number Answered

Percent of People with Each Score

Your Score History

You have not taken this quiz